000
00289nam a2200121Ia 4500
008
220120s9999||||xx |||||||||||||| ||und||
082
_a
823
100
_a
Shearer, Alex
_9
11914
245
0
_a
Tins
260
_a
Heinemann Elt
_b
Belagaum
_c
2007
300
_a
95p.;28cm
_b
0
650
_a
CHEMISTRY
999
_c
137453
_d
137453